<?xml version="1.0" encoding="UTF-8"?>
<collection xmlns:xsi="http://www.w3.org/2001/XMLSchema-instance" xsi:schemaLocation="http://www.loc.gov/MARC21/slim http://www.loc.gov/standards/marcxml/schema/MARC21slim.xsd" xmlns="http://www.loc.gov/MARC21/slim">
 <record>
  <leader>00000cam a22000004i 4500</leader>
  <controlfield tag="001">UP-99796217611254955</controlfield>
  <controlfield tag="003">Buklod</controlfield>
  <controlfield tag="005">20140506141523.0</controlfield>
  <controlfield tag="006">t     rm   |||| ud</controlfield>
  <controlfield tag="007">ta</controlfield>
  <controlfield tag="008">100427s2011    mauaf   rb   |000 0|eng d</controlfield>
  <datafield tag="020" ind1=" " ind2=" ">
   <subfield code="a">9780262014915 (hardcover)</subfield>
  </datafield>
  <datafield tag="035" ind1=" " ind2=" ">
   <subfield code="a">(iLib)UPD-00215706020</subfield>
  </datafield>
  <datafield tag="037" ind1=" " ind2=" ">
   <subfield code="a">P4,024.00</subfield>
  </datafield>
  <datafield tag="040" ind1=" " ind2=" ">
   <subfield code="a">DLC</subfield>
   <subfield code="d">DCFA</subfield>
   <subfield code="e">rda</subfield>
  </datafield>
  <datafield tag="041" ind1=" " ind2=" ">
   <subfield code="a">eng</subfield>
  </datafield>
  <datafield tag="042" ind1=" " ind2=" ">
   <subfield code="a">DMLUC</subfield>
  </datafield>
  <datafield tag="090" ind1=" " ind2=" ">
   <subfield code="a">N 7260</subfield>
   <subfield code="b">C66 2011</subfield>
  </datafield>
  <datafield tag="245" ind1="0" ind2="0">
   <subfield code="a">Contemporary art in Asia</subfield>
   <subfield code="b">a critical reader</subfield>
   <subfield code="c">edited by Melissa Chiu and Benjamin Genocchio.</subfield>
  </datafield>
  <datafield tag="264" ind1=" " ind2="1">
   <subfield code="a">Cambridge, Massachusetts</subfield>
   <subfield code="b">MIT Press</subfield>
   <subfield code="c">2011.</subfield>
  </datafield>
  <datafield tag="300" ind1=" " ind2=" ">
   <subfield code="a">ix, 430 pages, 16 pages of plates</subfield>
   <subfield code="b">illustrations (some color)</subfield>
   <subfield code="c">23 cm</subfield>
  </datafield>
  <datafield tag="336" ind1=" " ind2=" ">
   <subfield code="a">text</subfield>
   <subfield code="2">rdacontent.</subfield>
  </datafield>
  <datafield tag="337" ind1=" " ind2=" ">
   <subfield code="a">unmediated</subfield>
   <subfield code="2">rdamedia</subfield>
  </datafield>
  <datafield tag="338" ind1=" " ind2=" ">
   <subfield code="a">volume</subfield>
   <subfield code="2">rdacarrier</subfield>
  </datafield>
  <datafield tag="505" ind1="0" ind2=" ">
   <subfield code="a">Introduction : What is Asian contemporary art? -- Mapping an evolving discourse / Melissa Chiu and Benjamin Genocchio -- Part I. Asian modernisms: issues and debates : National/modern : preliminaries (1991) / Geeta Kapur -- Open and closed discourses of modernity in Asian art (1993) / John Clark -- Developing regionalist perspectives in Southeast Asian art historiography (1996) / T.K. Sabapathy -- Multiculturalism/mulitmodernism (1996) / Jim Supangkat -- Imagining Asia : a genealogical analysis (2003) / Wang Hui -- Why cubism? (2006) / Tatehata Akira -- Part II. Representing Asia curation and criticism : The future : post-Cold war, postmodernism, postmarginalia (playing with slippery lubricants) (1993) / Apinan Poshyananda -- Cities on the move (1997) / Hou Hanru and Hans-Ulrich Obrist -- Contemporary Asian art and its Western reception (2002) / David Clarke -- Home and away : highways and byways in Asian art (2004) / Chaitanya Sambrani -- Beyond the &quot;authentic-exotic&quot; : collecting contemporary Asian art in the twenty-first century (2005) / Vishakha N. Desai -- The curatorial turn in Southeast Asia and the afterlife of the modern (2008) / Patrick D. Flores -- Biennale demand (2008) / Lee Weng Choy -- The politics of curating &quot;contemporary Korean art&quot; for audiences abroad (2008) / Young Min Moon -- Part III. Expanding Asia: new art histories : The mono-ha : foreshadowings and premonitions (1977; revised 2001) / Lee Ufan -- Modernism and the Chinese other in twentieth-century art criticism (1996) / Alice Yang -- Conceptual art with anticonceptual attutude : mainland China, Taiwan, and Hong Kong (1999) / Gao Minglu -- Radicalizing tradition (2000) / Salima Hashmi -- Historicizing &quot;contemporary art&quot; : some discursive practices in Gendai Bijutsu in Japan (2004) / Reiko Tomii -- Theories of being outside : diaspora and Chinese artists (2007) / Melissa Chiu -- What is feminist about contemporary Asian women's art? (2007; revised 2009) / Joan Kee -- Reinscribing tradition in a transnational art world (2007) / Gennifer Weisenfeld -- A case of being &quot;contemporary&quot; : conditions, spheres, and narratives of contemporary Chinese art (2008) / Wu Hung.</subfield>
  </datafield>
  <datafield tag="520" ind1=" " ind2=" ">
   <subfield code="a">&quot;In 2008, Asia stormed the citadel of the New York art world when two major museums presented retrospectives of Asian contemporary artists: Cai Guo-Qiang at the Guggenheim Museum and Takashi Murakami at the Brooklyn Museum. Meanwhile, in Hong Kong, a painting by Zeng Fanzhi sold for (dollar)9.5 million, setting a new world auction record for Chinese contemporary art. The Western art world is still coming to grips with the challenge: it is all about Asia now. This book is the first anthology of critical writings to map the shift in both the nature and the reception of Asian art over the past twenty years. Offering texts by leading figures in the field (mostly Asian), and including more than fifty illustrations in color and black and white, it covers developments in East Asia (including China, Korea, and Japan), South Asia (including India and Pakistan), and Southeast Asia (including Vietnam, Indonesia, and Thailand). Together, the twenty-three texts posit a historical and pan-Asian response to the question, &quot;What is Asian contemporary art?&quot; Considering such topics as Asian modernism (&quot;productive mistranslation&quot; of the European original), Asian cubism, and the curating, collecting, and criticism of Asian contemporary art, this book promises to be a foundational reference for many years to come.&quot; -- Provided by publisher.</subfield>
  </datafield>
  <datafield tag="650" ind1=" " ind2="0">
   <subfield code="a">Art, Asian</subfield>
   <subfield code="y">20th century.</subfield>
  </datafield>
  <datafield tag="650" ind1=" " ind2="0">
   <subfield code="a">Art, Asian</subfield>
   <subfield code="y">21st century.</subfield>
  </datafield>
  <datafield tag="700" ind1="1" ind2=" ">
   <subfield code="a">Chiu, Melissa</subfield>
   <subfield code="e">editor.</subfield>
  </datafield>
  <datafield tag="700" ind1="1" ind2=" ">
   <subfield code="a">Genocchio, Benjamin</subfield>
   <subfield code="e">editor.</subfield>
  </datafield>
  <datafield tag="905" ind1=" " ind2=" ">
   <subfield code="a">FO</subfield>
  </datafield>
  <datafield tag="852" ind1="0" ind2=" ">
   <subfield code="a">UPD</subfield>
   <subfield code="b">DCFA</subfield>
   <subfield code="h">N 7260</subfield>
   <subfield code="i">C66 2011</subfield>
  </datafield>
  <datafield tag="942" ind1=" " ind2=" ">
   <subfield code="a">Book</subfield>
  </datafield>
 </record>
</collection>
